Las Cuestiones de género en la evaluación de proyectos rurales /
Guardado en:
| 主要作者: | |
|---|---|
| 格式: | Texto |
| 主題: | |
| 標簽: |
添加標簽
沒有標簽, 成為第一個標記此記錄!
|
MARC
| LEADER | 00000 a a2200000 04500 | ||
|---|---|---|---|
| 001 | 12565 | ||
| 003 | |||
| 040 | |||
| 100 | |a Balarezo, Susana | ||
| 245 | |a Las Cuestiones de género en la evaluación de proyectos rurales / |c Susana Balarezo | ||
| 650 | |a EVALUACION DE PROYECTOS | ||
| 650 | |a PROYECTOS DE DESARROLLO | ||
| 650 | |a MUJERES | ||
| 650 | |a DESIGUALDAD SOCIAL | ||
| 650 | |a POBREZA | ||
| 650 | |a DESARROLLO RURAL | ||
| 650 | |a INDICADORES | ||
| 650 | |a PARTICIPACION SOCIAL | ||
| 773 | |g volumen 1, número 2; páginas 53-68 | ||
| 999 | |c 35360 |d 35360 | ||
